Yoga para niños / (Record no. 176954)

MARC details
000 -CABECERA
campo de control de longitud fija 00637nam a2200217 u 4500
005 - FECHA Y HORA DE LA ÚLTIMA TRANSACCIÓN
campo de control 20210223132703.0
008 - ELEMENTOS DE LONGITUD FIJA--INFORMACIÓN GENERAL
campo de control de longitud fija 150805s2004 cl r 000 0 spa d
020 ## - NÚMERO INTERNACIONAL NORMALIZADO PARA LIBROS
Número Internacional Estándar del Libro 9583013714
035 ## - NÚMERO DE CONTROL DEL SISTEMA
Número de control de sistema UPN01000204853
049 ## - COLECCIÓN
Colección I
050 #4 - SIGNATURA TOPOGRÁFICA DE LA BIBLIOTECA DEL CONGRESO
Número de clasificación RA781.7
Número de documento/Ítem L3.9
100 1# - ASIENTO PRINCIPAL--NOMBRE PERSONAL
Nombre de persona Lark, Liz
9 (RLIN) 37867
245 10 - MENCIÓN DE TÍTULO
Título Yoga para niños /
Mención de responsabilidad, etc. Liz Lark ; tr. Guillermo León Diez.
260 ## - PUBLICACIÓN, DISTRIBUCIÓN, ETC.
Lugar de publicación, distribución, etc. Bogotá :
Nombre del editor, distribuidor, etc. Panamericana,
Fecha de publicación, distribución, etc. 2004.
300 ## - DESCRIPCIÓN FÍSICA
Extensión 96 p. :
Otras características físicas il.
440 #0 - MENCIÓN DE SERIE/ASIENTO SECUNDARIO--TÍTULO
Título En movimiento
534 ## - NOTA SOBRE LA VERSIÓN ORIGINAL
Frase introductoria Título original :
Mención de título del original Yoga for kids
650 #4 - ASIENTO SECUNDARIO DE MATERIA - TERMINO TEMATICO
Término de materia o nombre geográfico como elemento de entrada HATHA YOGA PARA NIÑOS
9 (RLIN) 24199
650 #4 - ASIENTO SECUNDARIO DE MATERIA - TERMINO TEMATICO
Término de materia o nombre geográfico como elemento de entrada EJERCICIOS TERAPEUTICOS PARA NIÑOS
9 (RLIN) 15568
905 ## - TIPO DE MATERIAL
Tipo de material Ifantil
Holdings
Estado de retiro Estado de pérdida Fuente del sistema de clasificación o colocación Estado dañado No para préstamo Código de colección Localización permanente Ubicación/localización actual Ubicación en estantería Fecha de adquisición Total de préstamos Clasificación Código de barras Fecha visto por última vez Fecha del último préstamo Número de copia Tipo de ítem Koha
    Library of Congress Classification     Infantil Bib. Gregorio Torres Quintero Bib. Gregorio Torres Quintero Sala infantil Planta baja 10/05/2023 1 RA781.7 L3.9 305951 11/10/2023 27/09/2023 1 Libro